000 00406nam a2200157Ia 4500
008 240729s9999 xx 000 0 und d
022 _a2042-5333
245 0 _aJRSM Short Reports
260 _aUnited Kingdom
260 _bSAGE Publishing
650 _a Medicine (General)
650 _aMedicine
856 _uhttps://doaj.org/toc/40c82c397d3447a29713b0bb62859242
942 _2ddc
942 _cDOAJEJ
999 _c67843
_d67843
945 _a1
_bMadushi Gamage
_c1
_dMadushi Gamage